| 000 | 00826cam a22002531 4500 | ||
|---|---|---|---|
| 001 | ca 34002073 | ||
| 003 | DLC | ||
| 005 | 20260227111136.0 | ||
| 007 | cr_||||||||||| | ||
| 008 | 800703s1873 mau 000 0 eng | ||
| 010 | _aca 34002073 | ||
| 035 | _a(OCoLC)6481889 | ||
| 040 |
_aDLC _cTxCM _dDLC |
||
| 042 | _apremarc | ||
| 050 | 0 | 0 |
_aPS1059.B22 _bB7 1873 |
| 082 | _a812.4 | ||
| 100 | 1 |
_aBaker, George Melville, _d1832-1890. |
|
| 245 | 1 | 4 |
_aThe Boston dip. _bA comedy, in one act. _cBy the author of "Sylvia's soldier", "Once on a time" ... |
| 260 |
_aBoston, _bG.M. Baker & co. _c[1873] |
||
| 300 |
_a1 p. l., p. 215-240. _c19 cm. |
||
| 490 | 0 | _aThe amateur drama. [no. 5] | |
| 530 | _aAlso available in digital form on the Internet Archive Web site. | ||
| 856 | 4 | 1 | _uhttp://hdl.loc.gov/loc.gdc/scd0001.00157853922 |
| 999 |
_c17683 _d17683 |
||